000 01363nam0a2200301 4500
001 RU\NLR\bibl\1248089
005 20260405133100.0
010 _a978-5-7797-0772-5
_910000
021 _aRU
_b2008-35581
_91958
035 _a(NLR Aleph) 001234226
090 _a217780
_c217780
100 _a20080702d2007 |||y0rusy50 ca
101 0 _arus
102 _aRU
105 _aa |||||||||
200 1 _aГотовимся к школе: веселый счет
_e[развивающая тетрадь для детей 5-7 лет]
_fЕ.В. Соколова, Н.Н. Нянковская
_g[худож. М.В. Душин]
210 _aЯрославль
_cАкадемия развития
_aМосква
_cАстрель
_d2007
215 _a32 с.
_cил.
_d26
225 1 _aДетский сад: день за днем
_e5-7 лет
_eпрактическое приложение
606 1 _aДошкольники
_xОбучение счету
_92236180
_3RU\NLR\auth\661341998
686 _aЧ411.383
700 1 _4070
_8rus
_7ca
_aСоколова
_bЕ. В.
_cпедагог, методист
_gЕлена Владиславовна
_3RU\NLR\auth\7753812
_936744
701 1 _aНянковская
_bН. Н.
_gНаталья Николаевна
_4070
801 0 _aRU
_bNLR
_c20080702
_gRCR
801 1 _aRU
_bNLR
_c20080702
942 _cBOOK
980 _aNB